|
|
|
|
| LEADER |
00000nam2a2200000 4500 |
| 001 |
191216 |
| 005 |
20231101224333.0 |
| 010 |
|
|
|a 5984570848
|
| 035 |
|
|
|a (RuTPU)RU\TPU\book\208481
|
| 035 |
|
|
|a RU\TPU\book\158682
|
| 090 |
|
|
|a 191216
|
| 100 |
|
|
|a 20110203d2010 km y0rusy50 ca
|
| 101 |
0 |
|
|a rus
|
| 102 |
|
|
|a RU
|
| 105 |
|
|
|a a g 001zy
|
| 200 |
0 |
|
|a Кн. 2: Производство холоднокатаных листов и полос
|
| 210 |
|
|
|d 2010
|
| 215 |
|
|
|a 608 с.
|c ил.
|
| 300 |
|
|
|a Допечатка тиража 2008 года.
|
| 320 |
|
|
|a Библиографический список: с. 596-608.
|
| 330 |
|
|
|a В книге изложены материалы по технологии и оборудованию для производства холоднокатаных листов и полос. Освещены некоторые исторические аспекты развития технологий производства холоднокатаных листов и полос. Особое внимание уделено направлениям совершенствования технологии и оборудования, которые получили развитие в последние годы: совмещенные процессы производства холоднокатаной продукции, изменение в сортаменте и конструкции основных агрегатов, машин и механизмов, применения новых технологий термической обработки, отделки холоднокатаных листов, нанесению на них защитных покрытий. Большое внимание уделено тем технологиям и оборудованию, которые пока по своему уровню в России и Украине отстают от зарубежных. В частности, производству жести, холоднокатаному металлу с защитными покрытиями, отделке и упаковке холоднокатаной листовой и полосовой продукции. Книга предназначена для инженерно-технических работников металлургических и машиностроительных предприятий, а также научно-исследовательских и проектных институтов, преподавателей и студентов ВУЗов и техникумов.
|
| 461 |
|
1 |
|0 (RuTPU)RU\TPU\book\159386
|t Справочник прокатчика
|o справочное издание в 3-х книгах
|f Ю. В. Коновалов
|v Кн. 2: Производство холоднокатаных листов и полос
|d 2008-2010
|
| 606 |
1 |
|
|a Прокат
|2 stltpush
|3 (RuTPU)RU\TPU\subj\51993
|
| 606 |
1 |
|
|a Листопрокатное производство
|x Прокатка холодная
|2 stltpush
|3 (RuTPU)RU\TPU\subj\40244
|9 60103
|
| 610 |
1 |
|
|a прокатное производство
|
| 610 |
1 |
|
|a заготовки
|
| 610 |
1 |
|
|a листы
|
| 610 |
1 |
|
|a листовая прокатка
|
| 610 |
1 |
|
|a заготовки
|
| 610 |
1 |
|
|a оборудование
|
| 610 |
1 |
|
|a технология
|
| 610 |
1 |
|
|a холоднокатаные полосы
|
| 610 |
1 |
|
|a термическая обработка
|
| 610 |
1 |
|
|a дрессировка
|
| 610 |
1 |
|
|a жесть
|
| 610 |
1 |
|
|a сталь
|
| 610 |
1 |
|
|a качество
|
| 610 |
1 |
|
|a контроль
|
| 610 |
1 |
|
|a резьба
|
| 610 |
1 |
|
|a сортировка
|
| 610 |
1 |
|
|a упаковка
|
| 610 |
1 |
|
|a сортаменты
|
| 610 |
1 |
|
|a справочники
|
| 675 |
|
|
|a 621.771(035)
|v 3
|
| 675 |
|
|
|a 621.771.23.016(035)
|v 3
|
| 801 |
|
1 |
|a RU
|b 63413507
|c 20110203
|
| 801 |
|
2 |
|a RU
|b 63413507
|c 20131101
|g RCR
|
| 942 |
|
|
|c BK
|